MARC

LEADER 00000nam0a2200000 4500
001 373429
005 20231102012550.0
010 |a 5280028576 
035 |a (RuTPU)RU\TPU\retro\30858 
035 |a RU\TPU\book\309243 
090 |a 373429 
100 |a 20221216d1993 m y0rusy50 ca 
101 1 |a rus  |c swe 
102 |a RU 
105 |a y z 001ab 
200 1 |a Лицо Гоголя  |e роман  |e пер. со швед.  |f Ч. Юханссон  |g авт. предисл. Л. Клиберг 
210 |a Москва  |c Художественная литература  |d 1993 
215 |a 224 с. 
320 |a Вступительная статья: с. 3-6 
600 1 |a Гоголь  |g Николай Васильевич  |b Н. В.  |c русский писатель  |f 1809-1852  |2 stltpush  |3 (RuTPU)RU\TPU\pers\1036 
606 1 |a Шведская литература  |2 stltpush  |3 (RuTPU)RU\TPU\subj\19122  |9 44428 
610 1 |a художественная литература 
610 1 |a романы 
610 1 |a образы 
610 1 |a русские писатели 
675 |a 839.7  |v 3 
700 1 |a Юханссон  |b Ч.  |g Чель  |4 070 
702 1 |a Клиберг  |b Л.  |4 080 
801 1 |a RU  |b 63413507  |c 20150219 
801 2 |a RU  |b 63413507  |c 20221216  |g RCR 
942 |c BK